000 00814nam a2200229Ia 4500
003 OSt
005 20210811134449.0
008 210310s1973 ck gr 000 0 spa d
040 _aCO-JMCR
_cCO-JMCR
041 0 _aspa
082 0 4 _a332.175 /
_bS175t
_223
100 1 _aSarmiento Ricaurte, Hernando,
_eautor
_927432
245 1 3 _aLa tarjeta de crédito :
_bSus aspectos jurídico y económico /
_cHernando Sarmiento Ricaurte
260 _aBogotá :
_bTemis,
_c1973.
300 _a159 páginas :
_c22 cm.
501 _aCon: notas a pie de página.
505 0 _aAspectos generales de las tarjetas de crédito. -- Relación contractuales.
650 1 4 _aTarjetas de crédito
_939278
650 2 4 _aLey y legislación
_98418
650 2 4 _aAspectos jurídicos
_vtarjetas de crédito
_939280
942 _2ddc
_cBK
999 _c12151
_d12151